Lo spirito dei diritti religiosi: ebraismo, cristianesimo e islam a confronto

Saved in:
Bibliographic Details
Main Author: Ferrari, Silvio (Author)
Format: Book
Language:Italian
Published: Bolonia Mulino 2002
Series:Saggi, 560
Subjects:
Tags: Add Tag
No Tags, Be the first to tag this record!

MARC

LEADER 00000nam a2200000 a 4500
001 UCL4013
003 CL-VaPUC
008 031219e20020000IT |||||||||||||||||ita|d
020 |a 8815086706 
082 0 4 |a 262.9  |b FER  |2 21 
100 0 |a Ferrari, Silvio  |e author  |9 481477 
245 1 3 |a Lo spirito dei diritti religiosi: ebraismo, cristianesimo e islam a confronto 
300 |a 300 p 
942 |c BK 
945 |d 20031219 00:00:00  |a cmena 
260 |a Bolonia  |b Mulino  |c 2002 
650 0 |a Derecho eclesiástico  |9 255055 
650 7 |a LIBERTAD RELIGIOSA  |2 CL-VaPUC  |9 481478 
650 0 |a Iglesia y Estado  |9 254995 
583 |a last modification  |c 20031219 00:00:00  |k Rodrigo Vera 
490 0 |a Saggi, 560 
999 |c 306972  |d 306970 
952 |0 0  |1 0  |4 0  |6 262_900000000000000_FER_2002  |7 0  |8 DER_HDC  |9 372433  |a BIBDER  |b BIBDER  |d 2019-11-21  |i 3931609  |o 262.9 FER 2002  |p 3931609  |r 2023-01-25  |w 2019-11-21  |x Ubicación 4to Piso  |y BK  |z Estos recursos deben solicitarse con anticipación  |k DER